000 00298nam a22001337a 4500
008 181001b xxu||||| |||| 00| 0 eng d
020 _a9780136792420
041 _aeng
080 _24th
_a541
100 _a12
101 _aKIM
245 _aSoils an introduction
_cSinger,M.J
942 _2udc
_cBK
999 _c48741
_d48741